MARC

LEADER 00000nam0a2200000 4500
001 50376
005 20231031032949.0
010 |a 5948360059 
035 |a (RuTPU)RU\TPU\book\52756 
090 |a 50376 
100 |a 20030415d2002 m y0rusy50 ca 
101 1 |a rus  |c eng 
102 |a RU 
105 |a y j 001zy 
200 1 |a Анализ алгоритмов  |e Вводный курс  |e пер. с англ.  |f Дж. Макконелл 
210 |a Москва  |c Техносфера  |d 2002 
215 |a 304 с. 
225 1 |a Мир программирования 
320 |a Библиогр.: с. 298-302 
610 1 |a информатика 
610 1 |a алгоритмы 
610 1 |a поиск 
610 1 |a выборка 
610 1 |a сортировка 
610 1 |a численные алгоритмы 
610 1 |a сравнение 
610 1 |a графы 
610 1 |a параллельные алгоритмы 
610 1 |a недетерминированные алгоритмы 
610 1 |a учебные пособия 
675 |a 681.3.068(07)  |v 3 
700 1 |a Макконелл  |b Дж. 
801 1 |a RU  |b 63413507  |c 20030415  |g PSBO 
801 2 |a RU  |b 63413507  |c 20120329  |g PSBO 
942 |c BK